Climatatology An Atmospheric Science (Record no. 30518)
[ view plain ]
| 000 -LEADER | |
|---|---|
| fixed length control field | 00507nam a2200205Ia 4500 |
| 003 - CONTROL NUMBER IDENTIFIER | |
| control field | 0Nust |
| 005 - DATE AND TIME OF LATEST TRANSACTION | |
| control field | 20170105110248.0 |
| 008 - FIXED-LENGTH DATA ELEMENTS--GENERAL INFORMATION | |
| fixed length control field | 161124s9999 xx 000 0 und d |
| 020 ## - INTERNATIONAL STANDARD BOOK NUMBER | |
| International Standard Book Number | 0-13-092205-6 |
| 040 ## - CATALOGING SOURCE | |
| Transcribing agency | IGIS |
| 041 ## - LANGUAGE CODE | |
| Language code of text/sound track or separate title | English |
| 082 ## - DEWEY DECIMAL CLASSIFICATION NUMBER | |
| Classification number | 551.521 |
| Author Mark | OLI |
| 100 ## - MAIN ENTRY--PERSONAL NAME | |
| Personal name | Oliver .John E |
| 245 ## - TITLE STATEMENT | |
| Title | Climatatology An Atmospheric Science |
| 250 ## - EDITION STATEMENT | |
| Edition statement | 2nd |
| 260 ## - PUBLICATION, DISTRIBUTION, ETC. | |
| Place of publication, distribution, etc. | New Jersey |
| Name of publisher, distributor, etc. | Prentice hall Press |
| Date of publication, distribution, etc. | 2002 |
| 300 ## - PHYSICAL DESCRIPTION | |
| Extent | 410 |
| 505 ## - FORMATTED CONTENTS NOTE | |
| Formatted contents note | Climatatology |
| 650 ## - SUBJECT ADDED ENTRY--TOPICAL TERM | |
| Topical term or geographic name entry element | Climatatology An Atmospheric Science |
| 942 ## - ADDED ENTRY ELEMENTS (KOHA) | |
| Koha item type | Book |
| Withdrawn status | Lost status | Damaged status | Not for loan | Collection code | Permanent Location | Current Location | Date acquired | Source of acquisition | Total Checkouts | Full call number | Barcode | Date last seen | Price effective from | Koha item type |
|---|---|---|---|---|---|---|---|---|---|---|---|---|---|---|
| Institute of Geographical Information Systems (IGIS) | Institute of Geographical Information Systems (IGIS) | P: Pak American books | 551.521OLI | IGIS135 | 01/05/2017 | Book |
